00666nam a2200193Ia 4500082001200000100002100012245004600033250002900079260000900108300002100117650005700138650005700195650003500252650003000287650004200317650004300359650004600402710002400448 aTP.0266 aPandey, Ramjanam 0aSociety and religion under the pratiharas aBanaras Hindu University c1988 a485p. + C D - 47 aRELIGION AND SOCIAL PROBLEMS//RELIGION AND SOCIOLOGY aRELIGION AND SOCIAL PROBLEMS//RELIGION AND SOCIOLOGY aRELIGION AND SOCIOLOGY - INDIA aGURJARA-PRATIHARA DYNASTY aPRATIHARAS//GURJARA-PRATIHARA DYNASTY aPRATHIHARAS//GURJARA-PRATIHARA DYNASTY aRELIGION AND SOCIETY//RELIGION AND SOCIOL aMishra, Jai Shankar